Aplicación de instrumentos económicos en la gestión ambiental en América Latina y el Caribe (Registro nro. 5274)
[ vista simple ]
| 000 -CABECERA | |
|---|---|
| Campo de control | 01024nam a2200313 a 4500 |
| 005 - FECHA Y HORA DE LA ULTIMA TRANSACCION | |
| Campo de control | 20191224041801.0 |
| 008 - ELEMENTOS DE LONGITUD FIJA—INFORMACION GENERAL | |
| Campo de control | 140319b2001 cl |||||r|||| 00| 0 spa d |
| 020 ## - ISBN | |
| ISBN | 9213217870 |
| 040 ## - FUENTE DE CATALOGACIÓN | |
| Agencia catalogadora original | CO-BoIAVH |
| Agencia transcriptora | CO-BoIAVH |
| 041 0# - IDIOMA | |
| Código de idioma para texto/pista de sonido o título separado | Español |
| 044 ## - PAÍS DE PUBLICACIÓN | |
| País de publicación | Chile |
| 082 04 - NUMERO DE CLASIFICACION DECIMAL DEWEY | |
| Número de clasificación | 354.328 |
| Número del ítem | A18a |
| 100 1# - ASIENTO PRINCIPAL--NOMBRE PERSONAL | |
| Nombre personal | Acquatella, Jean |
| 9 (RLIN) | 22825 |
| 245 10 - MENCION DE TITULO | |
| Título | Aplicación de instrumentos económicos en la gestión ambiental en América Latina y el Caribe |
| Parte restante del título | desafíos y factores condicionantes / |
| Mención de responsabilidad | Jean Acquatella |
| 260 ## - PUBLICACION, DISTRIBUCION, ETC. (PIE DE IMPRENTA) | |
| Lugar de publicación, distribución, etc. | Santiago de Chile : |
| Nombre del editor, distribuidor, etc. | PNUD : |
| -- | CEPAL, |
| Fecha de publicación, distribución, etc. | 2001. |
| 300 ## - DESCRIPCION FISICA | |
| Extensión | 83 páginas ; |
| Dimensiones | 29 x 26 centímetros |
| 650 14 - ASIENTO SECUNDARIO DE MATERIA - TERMINO TEMATICO | |
| Término temático o nombre geográfico como elemento de entrada | Gestión ambiental |
| Subdivisión general | instrumentos económicos |
| 9 (RLIN) | 66144 |
| 650 26 - ASIENTO SECUNDARIO DE MATERIA - TERMINO TEMATICO | |
| Término temático o nombre geográfico como elemento de entrada | Gestión ambiental |
| Subdivisión general | Aspectos económicos |
| 9 (RLIN) | 66145 |
| 651 #6 - ASIENTO SECUNDARIO DE MATERIA - NOMBRE GEOGRAFICO | |
| Nombre geográfico | Brasil |
| 9 (RLIN) | 66146 |
| 651 #6 - ASIENTO SECUNDARIO DE MATERIA - NOMBRE GEOGRAFICO | |
| Nombre geográfico | Barbados |
| 9 (RLIN) | 66147 |
| 651 #6 - ASIENTO SECUNDARIO DE MATERIA - NOMBRE GEOGRAFICO | |
| Nombre geográfico | Jamaica |
| 9 (RLIN) | 66148 |
| 651 #6 - ASIENTO SECUNDARIO DE MATERIA - NOMBRE GEOGRAFICO | |
| Nombre geográfico | Chile |
| 9 (RLIN) | 1439 |
| 651 #6 - ASIENTO SECUNDARIO DE MATERIA - NOMBRE GEOGRAFICO | |
| Nombre geográfico | Colombia |
| 9 (RLIN) | 66149 |
| 651 #6 - ASIENTO SECUNDARIO DE MATERIA - NOMBRE GEOGRAFICO | |
| Nombre geográfico | Guatemala |
| 9 (RLIN) | 24250 |
| 651 #6 - ASIENTO SECUNDARIO DE MATERIA - NOMBRE GEOGRAFICO | |
| Nombre geográfico | México |
| 9 (RLIN) | 66150 |
| 651 #6 - ASIENTO SECUNDARIO DE MATERIA - NOMBRE GEOGRAFICO | |
| Nombre geográfico | Venezuela |
| 9 (RLIN) | 66151 |
| 942 ## - ELEMENTOS ADICIONALES (KOHA) | |
| Tipo de ítem | Libro |
| Sistema de clasificación | Dewey Decimal Classification |
| 945 ## - PROCESAMIENTO LOCAL | |
| AAAA-MM-DD - Fecha de ingreso o modificacion | 2006-09-21 |
| Withdrawn status | Lost status | Sistema de Clasificación | Damaged status | No para préstamo | Colección | Inventariado | Ubicación Permanente | Ubicación actual | Fecha de adquisición | Fuente de Valor | Valor | Total Checkouts | Número topográfico | Inventario / Código de Barras | Date last seen | Ejemplar | Price effective from | Forma de adquisición | Tipo de material |
|---|---|---|---|---|---|---|---|---|---|---|---|---|---|---|---|---|---|---|---|
| Dewey Decimal Classification | General | Inventariado 2017 | Bogotá | Bogotá | 21/09/2006 | Instituto | 39000.00 | LB-354.328 A18a | 023304 | 04/12/2012 | Ej. 1 | 04/12/2012 | Libro |